| 000 | 00000nam##2200000za#4500 |
| 001 | 9.699309 |
| 003 | CaOODSP |
| 005 | 20210625000325 |
| 007 | cr ||||||||||| |
| 008 | 150407|2014||||xxc|||||o f|0| 0 eng|d |
| 020 | |a978-1-100-23690-2 |
| 040 | |aCaOODSP|beng |
| 043 | |an-cn--- |
| 086 | 1 |aCS99-011/2011-2E-PDF |
| 245 | 00|aAboriginal peoples technical report : |h[electronic resource]|bNational Household Survey, 2011 |
| 250 | |aRevised June 19, 2014 |
| 260 | |aOttawa - Ontario : |bStatistics Canada |cc2014. |
| 300 | |a44p.|bfigs., tables |
| 500 | |a"The 2011 National Household Survey (NHS) is a new survey which replaces the long census questionnaire, more widely known as the Census Form 2B."--Page 5 of 44, Introduction. |
| 590 | |a15-02|b2015-01-09 |
| 710 | 2 |aStatistics Canada. |
| 775 | 08|tRapport technique sur les peuples autochtones : |w(CaOODSP)9.643290 |
| 856 | 40|ahttp://publications.gc.ca|qPDF|s797 KB|uhttps://publications.gc.ca/collections/collection_2015/statcan/99-011-x2011002-eng.pdf |